Návrh opatrení na zefektívnenie procesov materiálového toku výroby upínača náradia 924 v podniku LKT, s.r.o.

Salvato in:
Dettagli Bibliografici
Autore principale: Šubjaková, Mária, 1990- (Autore)
Altri autori: Kelemenová, Zuzana, 1986- (Relatore della tesi)
Natura: Manoscritto Libro
Lingua:slovacco
Pubblicazione: Trnava : STU v Bratislave MTF UPMK, 2012
Soggetti:
Accesso online:VAIS
Tags: Aggiungi Tag
Nessun Tag, puoi essere il primo ad aggiungerne!!

MARC

LEADER 00000ntm a22000003a 4500
001 stu251181
005 20150617230226.3
008 120719s2012----xo------------------slo-d
040 |a STU  |b slo 
041 0 |a slo 
044 |a xo 
100 1 |a Šubjaková, Mária,  |d 1990-  |4 aut  |u M  |T MTF Materiálovotechnologická fakulta  |X 69536  |U M  |Y 60  |7 A000069536 
242 0 0 |a Proposals measures to make effective processes in material flow of production clamping tool 924 in the company LKT, Ltd  |y eng 
245 1 |a Návrh opatrení na zefektívnenie procesov materiálového toku výroby upínača náradia 924 v podniku LKT, s.r.o. 
260 |a Trnava :  |b STU v Bratislave MTF UPMK,  |c 2012 
300 |a 62s  |c CD ROM 
650 7 |a priemyselné manažérstvo  |2 stusub 
650 7 |a Industrial Management  |2 estusub 
650 7 |a production logistics  |2 estusub 
650 7 |a material flow  |2 estusub 
650 7 |a materiálový tok  |2 stusub 
650 7 |a výrobný proces  |2 stusub 
700 1 |a Kelemenová, Zuzana,  |d 1986-  |4 ths  |u M4000  |U MTF Materiálovotechnologická fakulta  |T MTF Ústav priemyselného inžinierstva a manažmentu  |X 33747  |U M4000  |Y 84  |7 A000033747 
856 4 |a info a plný text  |u http://is.stuba.sk/zp/portal_zp.pl?podrobnosti=95219  |3 VAIS 
996 |c M*BP-5753  |l MMSKP  |s P  |a 0  |w stu251181_0001